Páginas de la herida

Gespeichert in:
Bibliographische Detailangaben
1. Verfasser: Berger, John (VerfasserIn)
Format: Buch
Sprache:Spanisch
Veröffentlicht: Madrid Visor Libros 2003
Ausgabe:2a. ed
Schriftenreihe:Colección Visor de Poesía, 339
Schlagworte:
Tags: Tag hinzufügen
Keine Tags, Fügen Sie den ersten Tag hinzu!

MARC

LEADER 00000cam a2200000 a 4500
001 UCG8454
003 CL-VaPUC
008 111212e20030000SP |||||||||||||||||spa|d
020 |a 8475223397 
082 0 4 |a 823  |b BER  |2 21 
100 0 |a Berger, John  |e author  |9 559484 
245 1 0 |a Páginas de la herida 
250 |a 2a. ed 
300 |a 179 p 
942 |c BK 
945 |d 20111212 00:00:00  |a dcastane 
260 |a Madrid  |b Visor Libros  |c 2003 
650 0 |a Poesías inglesas  |9 265094 
650 0 |a Cuentos ingleses  |9 265135 
650 0 |a Literatura inglesa  |9 312907 
583 |a last modification  |c 20111212 13:13:00  |k Rodrigo Vera 
490 0 |a Colección Visor de Poesía, 339 
999 |c 346064  |d 346062 
952 |0 0  |1 0  |4 0  |6 823_000000000000000_BER_2003  |7 0  |8 A  |9 446548  |a BIBART  |b BIBART  |d 2019-11-22  |i 4812026  |o 823 BER 2003  |p 4812026  |r 2025-03-13  |w 2019-11-22  |y BK  |k ART